| 000 | 00676nam a2200217 a 4500 | ||
|---|---|---|---|
| 001 | 000025721 | ||
| 005 | 20200930024010.0 | ||
| 008 | 110221s1962 nyua r 001 0 eng d | ||
| 020 | _a070523215 | ||
| 040 |
_aDO-SdBNP _beng _cBNPHU |
||
| 082 |
_ann* _bnn* |
||
| 100 | 1 |
_aRichert, G. Henry. _952490 |
|
| 245 | 1 | 0 |
_aRetailing : _bprinciples and practices / _cG. Henry Richert, Warren G. Meyer y Peter G. Haines. |
| 250 | _a5a ed. | ||
| 260 |
_aNew York : _bGregg Division/McGraw-hill Book Company, _c1962. |
||
| 300 |
_aix, 581 p. : _bil. ; _c24 cm. |
||
| 500 | _aIncluye índice. | ||
| 700 | 1 |
_aMeyer, Warren G. _952491 |
|
| 700 | 1 |
_aHaines, Peter G. _952492 |
|
| 049 | _aBNGR | ||
| 999 |
_c25213 _d25213 |
||